[Event "AUTO-INT-2298"]
[Site "http://www.queenalice.com/game.php?id=1098979"]
[Date "2012.9.2"]
[Round "2"]
[White "amattar"]
[Black "Flamengo"]
[Result "1-0"]
[WhiteElo "1816"]
[BlackElo "1792"]

1. d4 d5 2. c4 c6 3. Nc3 Nf6 4. Nf3 Bf5 5. Bg5 h6 6. Bxf6 exf6 7. e3 Bb4 8. Rc1
Qa5 9. Qb3 Bxc3+ 10. bxc3 Qc7 11. cxd5 Qd7 12. dxc6 Nxc6 13. Bb5 a6 14. Be2 O-O
15. O-O b5 16. a4 Be6 17. Qa3 Bc4 18. Bxc4 bxc4 19. e4 Rab8 20. d5 Ne5 21. Nd4
Nd3 22. Rc2 Rb7 23. Nf5 Rfb8 24. Qd6 Qxa4 25. Re2 Rb1 26. g3 Rxf1+ 27. Kxf1 Qd1+
28. Kg2 Ne1+ 29. Kh3 Qxe2 30. Qxb8+ Kh7 31. Qf4 Qh5+ 32. Qh4 Qxh4+ 33. gxh4 Nd3
34. d6 Ne5 35. Nd4 Kg8 36. f4 Nd7 37. Kg4 g6 38. Kf3 Kf8 39. Ke3 Ke8 40. Nc6 Nb6
41. e5 fxe5 42. fxe5 g5 43. Kd4 gxh4 44. h3 1-0

[Event "AUTO-INT-2302"]
[Site "http://www.queenalice.com/game.php?id=1106339"]
[Date "2012.9.25"]
[Round "2"]
[White "pipino"]
[Black "Flamengo"]
[Result "1-0"]
[WhiteElo "1628"]
[BlackElo "1807"]

1. e4 c5 2. Nf3 Nc6 3. d4 cxd4 4. Nxd4 e5 5. Nb5 Qa5+ 6. Bd2 Qb6 7. N1c3 Nf6 8.
Bg5 Bc5 9. Qd2 Be7 10. Bxf6 gxf6 11. Nd5 1-0

[Event "AUTO-INT-2302"]
[Site "http://www.queenalice.com/game.php?id=1106340"]
[Date "2012.9.25"]
[Round "2"]
[White "Flamengo"]
[Black "pipino"]
[Result "0-1"]
[WhiteElo "1668"]
[BlackElo "1708"]

1. e4 e5 2. Nf3 Nf6 3. d3 Nc6 4. Bg5 Be7 5. Nc3 O-O 6. Be2 d5 7. exd5 Nxd5 8.
Nxd5 Qxd5 9. Bxe7 Nxe7 10. O-O Re8 11. Re1 Bf5 12. Nh4 Rad8 13. Nxf5 Nxf5 14.
Bf3 Qb5 15. Rb1 Qb6 16. Re4 Rd4 17. c3 Rxe4 18. Bxe4 Nd6 19. Qf3 Nxe4 20. Qxe4
c5 21. b3 Re7 0-1

[Event "AUTO-INT-2302"]
[Site "http://www.queenalice.com/game.php?id=1106345"]
[Date "2012.9.25"]
[Round "2"]
[White "Flamengo"]
[Black "qwertyuiop"]
[Result "0-1"]
[WhiteElo "1746"]
[BlackElo "1815"]

1. e4 c5 2. Nf3 d6 3. d4 cxd4 4. Nxd4 Nf6 5. Nc3 Nc6 6. Bb5 Bd7 7. Nxc6 bxc6 8.
Ba4 c5 9. Bxd7+ Nxd7 10. O-O g6 11. Nd5 Bg7 12. c3 O-O 13. f4 e6 14. Ne3 Nb6 15.
Bd2 d5 0-1

[Event "AUTO-INT-2302"]
[Site "http://www.queenalice.com/game.php?id=1106346"]
[Date "2012.9.25"]
[Round "2"]
[White "qwertyuiop"]
[Black "Flamengo"]
[Result "1-0"]
[WhiteElo "1828"]
[BlackElo "1733"]

1. d4 d5 2. c4 e6 3. Nf3 Nf6 4. Nc3 Bb4 5. cxd5 Nxd5 6. Bd2 Nxc3 7. Bxc3 Bxc3+
8. bxc3 O-O 9. e4 b6 10. Bd3 Bb7 11. O-O Nd7 12. Re1 Re8 13. h3 c5 14. Bb5 a6
15. Bxd7 1-0

[Event "AUTO-INT-2302"]
[Site "http://www.queenalice.com/game.php?id=1106347"]
[Date "2012.9.25"]
[Round "2"]
[White "Flamengo"]
[Black "Robert_Faria"]
[Result "1-0"]
[WhiteElo "1800"]
[BlackElo "1581"]

1. e4 c5 2. Nf3 Nc6 3. Bb5 d6 4. d4 Bd7 5. d5 Nd4 6. Bxd7+ Qxd7 7. Nxd4 cxd4 8.
O-O Nf6 9. Re1 e5 10. dxe6 Qxe6 11. Qxd4 Be7 12. e5 Nd5 13. Bd2 O-O 14. exd6
Qxd6 15. Nc3 Rad8 16. Nxd5 Bf6 17. Nxf6+ Qxf6 18. Qxf6 gxf6 19. Bc3 1-0

[Event "AUTO-INT-2302"]
[Site "http://www.queenalice.com/game.php?id=1106348"]
[Date "2012.9.25"]
[Round "2"]
[White "Robert_Faria"]
[Black "Flamengo"]
[Result "0-1"]
[WhiteElo "1589"]
[BlackElo "1792"]

1. d4 d5 2. c4 e6 3. Nc3 Bb4 4. Bd2 Nf6 5. Bg5 h6 6. Bxf6 Qxf6 7. Nf3 O-O 8. Rc1
b6 9. a3 Bxc3+ 10. Rxc3 Bb7 11. c5 c6 12. e3 b5 13. b4 a5 14. Bd3 axb4 15. axb4
Nd7 16. O-O e5 17. Nxe5 Nxe5 18. Qe2 Nxd3 0-1

[Event "AUTO-INT-2399"]
[Site "http://www.queenalice.com/game.php?id=1115558"]
[Date "2012.10.24"]
[Round "2"]
[White "Flamengo"]
[Black "kowada"]
[Result "1-0"]
[WhiteElo "1795"]
[BlackElo "1598"]

1. e4 e5 2. Nf3 f6 3. d4 Nc6 4. d5 Nce7 5. c4 Ng6 6. Be2 d6 7. O-O f5 8. Bg5 Be7
9. Bxe7 Qxe7 10. Bd3 Nh6 11. Nc3 f4 12. a3 O-O 13. b4 Bg4 14. h3 Bxf3 15. Qxf3
Nh4 16. Qe2 Qg5 17. f3 a6 18. c5 Rf6 19. Rf2 Nf7 20. Kh1 h5 21. c6 b6 22. Ra2 b5
23. a4 Rb8 24. axb5 axb5 25. Nxb5 Qg3 26. Ra7 Ng5 27. Rxc7 Rg6 28. Qf1 Nxg2 29.
Qxg2 Nxh3 30. Qxg3 fxg3 31. Rg2 h4 32. Rb7 Rf8 33. c7 Rf7 34. c8=Q+ 1-0

[Event "Let's Play Chess!"]
[Site "http://www.queenalice.com/game.php?id=1139700"]
[Date "2013.1.12"]
[Round "-"]
[White "Flamengo"]
[Black "lida"]
[Result "0-1"]
[WhiteElo "1788"]
[BlackElo "2170"]

1. e4 c6 2. d4 d5 3. e5 Bf5 4. Nc3 e6 5. Nf3 Bb4 6. Bd2 Ne7 7. a3 Ba5 8. b4 Bc7
9. Na4 O-O 10. c4 dxc4 11. Bxc4 b5 12. Bxe6 Bxe6 13. O-O Nd7 14. Nc5 Nxc5 15.
bxc5 Bg4 16. h3 Bxf3 17. Qxf3 Qxd4 0-1

[Event "AUTO-OPEN-2886"]
[Site "http://www.queenalice.com/game.php?id=1139747"]
[Date "2013.1.12"]
[Round "1"]
[White "Flamengo"]
[Black "arthurgomes"]
[Result "0-1"]
[WhiteElo "1786"]
[BlackElo "1893"]

1. e4 e5 2. Nf3 Nc6 3. Bc4 Nge7 4. d4 exd4 5. Nxd4 g6 6. f4 Bg7 7. c3 O-O 8. O-O
d5 9. exd5 Nxd4 10. cxd4 Nxd5 11. Bxd5 Qxd5 12. Be3 Bf5 13. Nc3 Qd8 14. Rc1 c6
15. Ne2 Re8 16. Bf2 Bg4 17. Rc2 Qd5 18. h3 Bf5 19. Rc5 Qxa2 0-1

[Event "AUTO-OPEN-2886"]
[Site "http://www.queenalice.com/game.php?id=1139748"]
[Date "2013.1.12"]
[Round "1"]
[White "arthurgomes"]
[Black "Flamengo"]
[Result "1-0"]
[WhiteElo "1908"]
[BlackElo "1756"]

1. e4 e5 2. Qh5 Nf6 3. Qxe5+ Be7 4. Be2 d6 5. Qf4 Nc6 6. c3 O-O 7. d4 Re8 8. Qg3
Nxe4 9. Qf3 Bg5 10. Bxg5 Nxg5 11. Qd3 Qe7 12. Nd2 Bg4 13. f3 Bh5 14. O-O-O Bg6
15. Qc4 Qe3 16. h4 Ne6 17. d5 Nf4 18. g3 Nxe2+ 19. Nxe2 Qxe2 20. dxc6 Qxc4 21.
Nxc4 bxc6 22. Rde1 f6 23. Na5 1-0

[Event "AUTO-OPEN-2886"]
[Site "http://www.queenalice.com/game.php?id=1139749"]
[Date "2013.1.12"]
[Round "1"]
[White "Flamengo"]
[Black "lfsantanna"]
[Result "0-1"]
[WhiteElo "1688"]
[BlackElo "1727"]

1. e4 e5 2. Nf3 Nc6 3. Bc4 Nf6 4. d3 Bc5 5. Bg5 h6 6. Bh4 Be7 7. Nc3 d6 8. h3
Nh5 9. Bxe7 Qxe7 10. Nd5 Qd8 11. O-O Be6 12. Nd2 O-O 13. Qxh5 Nd4 14. c3 Nc6 15.
f4 Na5 16. fxe5 Nxc4 17. Nxc4 c6 18. Nde3 dxe5 19. Nxe5 f6 20. Ng6 Bf7 21. Qf5
Qxd3 22. Nxf8 Qxe3+ 0-1

[Event "AUTO-OPEN-2886"]
[Site "http://www.queenalice.com/game.php?id=1139750"]
[Date "2013.1.12"]
[Round "1"]
[White "lfsantanna"]
[Black "Flamengo"]
[Result "1-0"]
[WhiteElo "1694"]
[BlackElo "1721"]

1. e4 c5 2. Nf3 Nc6 3. d4 cxd4 4. Nxd4 e5 5. Nf3 Bc5 6. Bc4 Nf6 7. O-O h6 8. Nc3
O-O 9. Qe2 Nd4 10. Nxd4 Bxd4 11. Bd2 d6 12. h3 Qb6 13. Rab1 Qc6 14. b4 a6 15. a3
Be6 16. Bd3 Bxc3 17. Be3 Nxe4 18. Bc1 Bd4 19. Bxe4 Bd5 20. Bxd5 Qxd5 21. Qg4 Qe6
22. Qf3 b5 23. Qg3 1-0

[Event "AUTO-ADV-2727"]
[Site "http://www.queenalice.com/game.php?id=1139847"]
[Date "2013.1.12"]
[Round "1"]
[White "Flamengo"]
[Black "lfsantanna"]
[Result "0-1"]
[WhiteElo "1704"]
[BlackElo "1711"]

1. e4 e5 2. Nf3 Nc6 3. Bb5 a6 4. Ba4 Nf6 5. Bxc6 bxc6 6. d3 h6 7. Nxe5 Bb7 8.
O-O Bc5 9. Nc3 d6 10. Ng4 O-O 11. Kh1 Bc8 12. Nxf6+ Qxf6 13. f4 Qg6 14. f5 Qf6
15. Ne2 Qe5 16. d4 Bxd4 17. Nxd4 Qxe4 18. Rf4 Qd5 19. c4 Qe5 20. Nxc6 Qc5 21.
Ne7+ Kh8 22. f6 g6 0-1

[Event "AUTO-ADV-2727"]
[Site "http://www.queenalice.com/game.php?id=1139848"]
[Date "2013.1.12"]
[Round "1"]
[White "lfsantanna"]
[Black "Flamengo"]
[Result "1-0"]
[WhiteElo "1736"]
[BlackElo "1774"]

1. e4 c5 2. Nf3 Nc6 3. d4 cxd4 4. Nxd4 e5 5. Nf3 d6 6. Bc4 Bg4 7. h3 Be6 8. Bb5
a6 9. Ba4 b5 10. Bb3 Bxb3 11. cxb3 Be7 12. O-O Nf6 13. Nc3 O-O 14. Bg5 Ne8 15.
Be3 f5 16. Qd5+ Kh8 17. Qxc6 Nf6 18. exf5 Rc8 19. Qxa6 1-0

[Event "AUTO-ADV-2727"]
[Site "http://www.queenalice.com/game.php?id=1139849"]
[Date "2013.1.12"]
[Round "1"]
[White "Flamengo"]
[Black "alvm"]
[Result "0-1"]
[WhiteElo "1674"]
[BlackElo "1997"]

1. e4 c6 2. d4 d5 3. e5 Bf5 4. g4 Bg6 5. f4 e6 6. Nf3 Be7 7. h4 Be4 8. Nc3 Bxf3
9. Qxf3 Bxh4+ 10. Kd2 g5 11. Ke2 f6 12. exf6 Qxf6 13. fxg5 Bxg5 14. Qxf6 Bxf6
15. Be3 Nd7 16. Re1 O-O-O 0-1

[Event "AUTO-ADV-2727"]
[Site "http://www.queenalice.com/game.php?id=1139850"]
[Date "2013.1.12"]
[Round "1"]
[White "alvm"]
[Black "Flamengo"]
[Result "1-0"]
[WhiteElo "2000"]
[BlackElo "1671"]

1. d4 c6 2. e4 d5 3. Nc3 dxe4 4. Nxe4 Bf5 5. Ng3 Bg6 6. Nf3 Nf6 7. Bc4 Nbd7 8.
O-O e6 9. Bg5 Be7 10. Re1 Nb6 11. Bb3 O-O 12. c4 Nfd7 13. Bxe7 Qxe7 14. d5 cxd5
15. cxd5 Nxd5 16. Bxd5 Rab8 17. Be4 1-0

[Event "AUTO-ADV-2727"]
[Site "http://www.queenalice.com/game.php?id=1139851"]
[Date "2013.1.12"]
[Round "1"]
[White "Flamengo"]
[Black "twiddledeedum"]
[Result "0-1"]
[WhiteElo "1654"]
[BlackElo "1756"]

1. e4 e5 2. Nf3 d6 3. Be2 Nc6 4. d4 exd4 5. Nxd4 Bd7 6. Nc3 Qf6 7. Nxc6 Bxc6 8.
Nd5 Bxd5 9. Qxd5 c6 10. Qb3 Qe7 11. Qf3 Qf6 12. c3 Qxf3 13. Bxf3 Nf6 14. Bf4 Be7
15. e5 dxe5 16. Bxe5 O-O-O 17. O-O Rhg8 18. Rad1 Rge8 19. Rxd8+ Rxd8 20. Rd1
Rxd1+ 21. Bxd1 g6 22. Bxf6 Bxf6 23. Kf1 Kc7 24. Bb3 Be5 25. Bxf7 Kb6 0-1

[Event "AUTO-ADV-2727"]
[Site "http://www.queenalice.com/game.php?id=1139852"]
[Date "2013.1.12"]
[Round "1"]
[White "twiddledeedum"]
[Black "Flamengo"]
[Result "1-0"]
[WhiteElo "1768"]
[BlackElo "1642"]

1. e4 e5 2. Nf3 Nc6 3. Bb5 d6 4. Bxc6+ bxc6 5. h3 f5 6. Qe2 Nf6 7. Nc3 Be7 8. b3
O-O 9. Bb2 a5 10. d4 exd4 11. Nxd4 Ba6 12. Qf3 fxe4 13. Nxe4 Nxe4 14. Qxe4 Re8
15. O-O-O Bg5+ 16. Qe3 Bxe3+ 17. fxe3 Rxe3 18. Nxc6 Qg5 19. Kb1 Qxg2 20. Rhg1
Qxc6 21. Rxg7+ Kf8 22. Rxh7 Be2 23. Rg1 Re7 24. Rh8+ Kf7 25. Rg7+ Ke6 26. Rh6+
1-0